Исследование колебательно-вращательных спектров молекул типа асимметричного волчка: сероводород, этилен и их изотопологи: автореферат диссертации на соискание ученой степени кандидата физико-математических наук; спец. 01.04.05

Bibliografski detalji
Glavni autor: Чжан Фанцэ
Autor kompanije: Национальный исследовательский Томский политехнический университет Исследовательская школа физики высокоэнергетических процессов
Daljnji autori: Уленеков О. Н. Олег Николаевич (научный руководитель)
Sažetak:Заглавие с титульного экрана
Электронная версия печатной публикации
Jezik:ruski
Izdano: Томск, 2021
Teme:
Online pristup:http://earchive.tpu.ru/handle/11683/68480
Format: Elektronički Knjiga
KOHA link:https://koha.lib.tpu.ru/cgi-bin/koha/opac-detail.pl?biblionumber=363906

MARC

LEADER 00000nlm0a2200000 4500
001 363906
005 20231220110026.0
035 |a (RuTPU)RU\TPU\retro\21255 
035 |a RU\TPU\retro\20321 
090 |a 363906 
100 |a 20211015d2021 k y0rusy50 ca 
101 0 |a rus 
102 |a RU 
105 |a a dm 000zy 
135 |a drgn ---uucaa 
181 0 |a i  
182 0 |a b 
200 1 |a Исследование колебательно-вращательных спектров молекул типа асимметричного волчка: сероводород, этилен и их изотопологи  |e автореферат диссертации на соискание ученой степени кандидата физико-математических наук  |e спец. 01.04.05  |f Чжан Фанцэ  |g Национальный исследовательский Томский политехнический университет ; науч. рук. О. Н. Уленеков 
203 |a Текст  |c электронный 
210 |a Томск  |d 2021 
215 |a 1 файл (765 КБ) 
300 |a Заглавие с титульного экрана 
300 |a Электронная версия печатной публикации 
606 1 |a Колебательно-вращательные спектры, энергетические  |2 stltpush  |3 (RuTPU)RU\TPU\subj\14683  |9 41040 
610 1 |a электронный ресурс 
610 1 |a авторефераты диссертаций 
610 1 |a труды учёных ТПУ 
610 1 |a сероводород 
610 1 |a этилен 
610 1 |a изотопологи 
610 1 |a колебательно-вращательная спектроскопия 
610 1 |a интенсивность 
610 1 |a спектральные линии 
610 1 |a спектры высокого разрешения 
610 1 |a многоатомные молекулы 
610 1 |a молекулярные спектры 
610 1 |a уровни энергии 
610 1 |a ассиметричный волчок 
610 1 |a спектроскопические исследования 
610 1 |a колебательно-вращательные спектры 
675 |a 535.338.4(04)  |v 4 
686 |a 01.04.05  |2 oksvnk 
700 0 |a Чжан Фанцэ  |c китайский физик  |c техник Томского политехнического университета  |f 1993-  |3 (RuTPU)RU\TPU\pers\42499 
702 1 |a Уленеков  |b О. Н.  |c физик  |c профессор Томского политехнического университета, доктор физико-математических наук  |f 1949-  |g Олег Николаевич  |3 (RuTPU)RU\TPU\pers\34330  |4 727  |9 17836 
712 0 2 |a Национальный исследовательский Томский политехнический университет  |b Исследовательская школа физики высокоэнергетических процессов  |c (2017- )  |3 (RuTPU)RU\TPU\col\23551 
801 2 |a RU  |b 63413507  |c 20211029  |g RCR 
856 4 |u http://earchive.tpu.ru/handle/11683/68480 
942 |c CF